Statistics for Top 10 French PL appearances

Click here to take the quiz!

General Stats

  • This quiz has been taken 13 times
  • The average score is 4 of 10

Answer Stats

AppsAnswer% Correct
307Vieira
82%
273Evra
64%
364Anelka
45%
289Saha
45%
469Distin
36%
275Silvestre
36%
324Clichy
27%
325Gallas
27%
281N Zogbia
27%
336Malbranque
18%

Score Distribution

Percentile by Number Answered

Percent of People with Each Score

Your Score History

You have not taken this quiz